Black Christ (Record no. 10014)

MARC details
000 -LEADER
fixed length control field 00688nam a2200265 a 4500
020 ## - INTERNATIONAL STANDARD BOOK NUMBER
ISBN 0883440
082 00 - DEWEY DECIMAL CLASSIFICATION NUMBER
Classification number 232.089960
Author Cutter DOU
100 ## - MAIN ENTRY--AUTHOR NAME
Author name Douglas, Kelly Brown
245 ## - TITLE STATEMENT
Title Black Christ
260 ## - PUBLICATION, DISTRIBUTION, ETC. (IMPRINT)
Place of publication New York
Name of publisher Orbis Books
Year of publication 1993
300 ## - PHYSICAL DESCRIPTION
Number of Pages 134p
500 ## - GENERAL NOTE
General note includes index and biblioraphy
505 2# - FORMATTED CONTENTS NOTE
Formatted contents note For Review
650 ## - SUBJECT ADDED ENTRY--TOPICAL TERM
Topical Term Jesus Christ-Person and Offices
650 ## - SUBJECT ADDED ENTRY--TOPICAL TERM
Topical Term Theology-Black
650 ## - SUBJECT ADDED ENTRY--TOPICAL TERM
Topical Term Jesus Christ-Afro-American Interpre
942 ## - ADDED ENTRY ELEMENTS (KOHA)
Koha item type Books
700 1# -
-- Douglas, Kelly Brown
Holdings
Collection code Home library Current library Date acquired Cost, normal purchase price Full call number Accession Number Koha item type
  Henry Martyn Institute Library Henry Martyn Institute Library 07/03/2009 100.00 232.089960 DOU 015244 Books
                   Copyright © 2026 | Henry Martyn Institute | Hyderabad | TS-500052 | INDIA | Implemented by hmi.edu.in
Hit-Count:

Powered by Koha